MDQL
is popping MORE tags! Check the
thread
!
Quizzes
Events
Quiz Creation
Community
Videos
Private Events
Remove Ads
Sign In
Join for FREE
Feedback
Dark Mode
Quiz Categories
Sports
Geography
Music
Movies
Television
Just For Fun
Miscellaneous
History
Literature
Language
Science
Gaming
Entertainment
Religion
Holiday
For Kids
Quiz Lab
Recent
Popular Today
Quiz Kudos Today
Editor Picks
Curator Picks
Quizzes by...
Day
Popularity
Type
Ratings
Length
Year
Community
Subscriptions
Recent Discussions
Orange Saloon
Badges
Playlists
Quests
Create
Leaderboards
Showdown
Live 5
Trivia Bingo
Activity
Puzzle Library
Sporcle Events
Private Events
Virtual Trivia
Globe League
Become a Host
Pub Owners
SporcleCon
Opinionation
Our Games
Videos
Blog
Mobile Apps
Partnerships
Remove Ads and Go Orange
Feedback
Television
TV Characters
TV Show
Sitcom
Network
Friends
Reality Shows
Cast
South Park
Star Trek
The Simpsons
Doctor Who
Television
TV Characters
TV Show
Sitcom
Network
Friends
Reality Shows
Cast
South Park
Star Trek
The Simpsons
Doctor Who
Random Quiz
Search Sporcle
×
Quiz Lab
Quiz Lab
Television
Dwarf
Type in answers that appear in a list
Type in answers that appear in a list
Classic
Best Score? Go Orange.
Red dwarf trivia chellenge Stats
Can you name the Red dwarf trivia chellenge?
By
kessieisme
4m
14 Questions
401 Plays
401 Plays
401 Plays
Comments
Comments
Give Quiz Kudos
Give Quiz Kudos
-
- Ratings
hide this ad
Replay
Link that replays current quiz
Next Quiz
Link to next quiz in quiz playlist
You Got
0%
They Got
Avg Score
49%
Avg Friend Score
Upgrade to see
Score Distribution
Jump to the score distribution portion of the page
Score
0/14
Timer
04:00
0
Plays Today
Questions
Answers
% Correct
What is Rimmers full name?
Arnold Judas Rimmer
91%
Name one of the actors who played Holly
Norman lovett Hattie hayridge
69.6%
What does JMC stand for?
Jupiter mining corporation
67.8%
What percent did the Dwarf boys score on the video game in 'Back to reality.'
4%
65.8%
Today's fish is _
_
_
_
_
_
_
_
_
_
Trout a la creme
55.1%
How many times did Rimmer write 'I am a fish.'
400 times
54.4%
What is Listers all time second worst fear?
Snakes
52.9%
Questions
Answers
% Correct
What flavour are Hitler's sandwiches in the episode 'Timeslides'?
Banana and crisp
44.1%
What did Rimmer lose when he was twelve?
his shoes with a compass in the heel and animal tracks on the sole
43.6%
In the episode 'The end' Who's funeral is shown?
George macintyre
40.9%
Who played the emperor Caligula in the episode 'Meltdown'
Tony Hawks
34.4%
What is Bob the skutters' wifes name?
Madge
32.2%
What was Krytens' embarrassment factor in 'the last day'
91%
27.9%
what does space core directive 1742 state?
No member of the core should ever report for duty in a ginger toupee
7.2%
Quiz Playlist
Details
Report
Send in Message
Add To Playlist
Classic:
Type in answers that appear in a list
Last Updated: Feb 16, 2017
Quiz Scoreboard
CHALLENGE
Sign Up to Join the Scoreboard
Show All
Scores
Hide
Comments
May contain spoilers
Recently Published
Image Sorting: Flags VI
by Barbecue
Geography
2m
Find the 'City' Movie
by crazypaving
Movies
60s
Colored Red Africa Blitz
by spor1
Geography
45s
More to Explore
Quiz From the Vault
Featured Blog Post
14 Easter Pick-up Lines to Find Eggs With
hide this ad
You Might Also Like...
Tags
Dwarf
Red
Today's Top Quizzes in Television
Browse Television
hide this ad
Today's Top Quizzes in Dwarf
Browse Dwarf
Top Contributed Quizzes in Television
1
Survivor Journey Challenge
2
Brooklyn Nine Nine Logic Puzzle (How-To-Play)
3
Total Drama Characters
4
Adjectives in 00s TV Shows
5
Phoebe Buffay Quotes
6
Survivor Heroes vs. Villains Logic Puzzle
7
Survivor Trivia
8
Emmerdale Characters (from August 2012)
9
Game of Thrones: Tywin Lannister Start to Finish
10
Survivor Logic Puzzle: Heroes vs. Villains
Explore More
Trending Topics
NBA
Crossword
Disney
Kpop
Harry Potter
Marvel
Anime
WWE
Puzzle
The Office
Country
NFL
Soccer
Pokémon
Song
hide this ad
More By:
kessieisme
Quiz
Plays
Rating
Category
Featured
Created
Red dwarf trivia chellenge
401
3.80
Television
Apr 26, 2012
Go to Creator's Profile
Score Distribution
Quiz Creator Spotlight
kessieisme
Follow
Send a Message
Quizzes Created
-
Created Quiz Play Count
-
More By This Creator
Popular Quizzes Today
1
Colored Red Africa Blitz
2
Find the US States - No Outlines Minefield
3
Find the 'City' Movie
4
5x2 Blitz: Bands
5
The Countries of the World
6
Find the US States
7
Find the Countries of Europe - No Outlines Minefield
8
US States
More Television Quizzes
TV Profile: SpongeBob SquarePants
Curator's Pick
Trending Quizzes
Colored Red Europe Blitz I
Colored Red Europe Blitz II
Colored Red Africa Blitz II
Colored Red Europe Blitz III
Colored Red Africa Blitz III
Recently Updated
How Do You Spell That?
pecheneg
Godzilla Movies
pecheneg
Grab Bag: 4-10 Letters
pecheneg
2024 March Madness Bracket
pecheneg
Famous TV Couples
Peacemaker
Champions League XIs: Real Madrid
pecheneg
Largest US Cities 1790-2010
pecheneg
Rides in Walt Disney World
pecheneg
Most Oscar Losses (Acting)
pecheneg
Beyoncé Albums
pecheneg
Trending Topics
NBA
Anime
Disney
Crossword
Marvel
Harry Potter
Kpop
Song
Soccer
Country
Pokémon
WWE
Puzzle
The Office
NFL
Your Account Isn't Verified!
In order to create a playlist on Sporcle, you need to verify the email address you used during registration. Go to your
Sporcle Settings
to finish the process.
Report this User
Report this user for behavior that violates our
Community Guidelines
.
Details:
Send Report
Go to the Sporcle.com Mobile Site →
Comments